000 01277 a2200229 4500
005 20260306154258.0
008 260306b |||||||| |||| 00| 0 eng d
020 _a9789388514149 (सेट) (hbk)
037 _cREF
040 _aCRL
_cCRL
041 _2hin
_ahin
084 _aV2y7M91k R0.1-.5 (RR)
_qCRL
100 _aबैरवा, जयराम
_9898303
245 _aडॉ. भीमराव अम्बेडकर एवं दलीतोद्धार कोश
260 _bपैराडाइज पब्लिशर्स,
_c2020.
_aजयपुर, भारत:
300 _aभाग 1 (1-244पृ.), भाग 2 (1-250पृ.), भाग 3 (1-250पृ.), भाग 4 (1-249पृ.), भाग 5 (1-250पृ.)
365 _b9975.00
_cINR
650 _aडॉ. भीम राव अम्बेडकर
_91127218
650 _aदलित कोश
_91127219
942 _cTB
_2CC
_hV2y7M91k R0.1-.5 (RR)
999 _c1490806
_d1490806